Tham khảo biên dịch văn hóa Việt Nam: Võ dân tộc = Frequently asked questions about Vietnamese culture: Martial arts
Giới thiệu khái quát về môn võ dân tộc, sự phát triển trong lịch sử, kỹ thuật rèn luyện, vai trò, sự ảnh hưởng của nó tới các nước khác.
Shranjeno v:
| Glavni avtor: | |
|---|---|
| Format: | Knjiga |
| Jezik: | Undetermined |
| Izdano: |
Hà Nội
Thế giới
2006
|
| Teme: | |
| Oznake: |
Označite
Brez oznak, prvi označite!
|
| Thư viện lưu trữ: | Trung tâm Học liệu Trường Đại học Cần Thơ |
|---|
| LEADER | 00891nam a2200217Ia 4500 | ||
|---|---|---|---|
| 001 | CTU_133423 | ||
| 008 | 210402s9999 xx 000 0 und d | ||
| 020 | |c 9500 | ||
| 082 | |a 796.8 | ||
| 082 | |b H566 | ||
| 100 | |a Hữu Ngọc | ||
| 245 | 0 | |a Tham khảo biên dịch văn hóa Việt Nam: Võ dân tộc = | |
| 245 | 0 | |b Frequently asked questions about Vietnamese culture: Martial arts | |
| 245 | 0 | |c Hữu Ngọc, Lady Borton | |
| 260 | |a Hà Nội | ||
| 260 | |b Thế giới | ||
| 260 | |c 2006 | ||
| 520 | |a Giới thiệu khái quát về môn võ dân tộc, sự phát triển trong lịch sử, kỹ thuật rèn luyện, vai trò, sự ảnh hưởng của nó tới các nước khác. | ||
| 650 | |a Martial arts,Võ thuật | ||
| 904 | |i Trọng Hải | ||
| 980 | |a Trung tâm Học liệu Trường Đại học Cần Thơ | ||